| 000 | 00580nam a2200181 i 4500 | ||
|---|---|---|---|
| 001 | 70637 | ||
| 003 | ES-MaACL | ||
| 005 | 20240426121025.0 | ||
| 007 | t| | ||
| 008 | 040729s1965 mx ||||1| spa d | ||
| 100 | 1 |
_aGardner, John W. _955510 |
|
| 245 | 1 | 0 |
_aEvolución constante _b: el individuo y la sociedad / _cJohn W. Gardner ; [versión española de Nuria Parés]. |
| 260 |
_aMéxico : _bLibreros Mexicanos Unidos, _c1965. |
||
| 300 |
_a196 p. ; _c19 cm. |
||
| 700 | 0 |
_aParés, Nuria, _d1925-2010 _989101 |
|
| 852 |
_aES-MaACL _jC-28841 _bR.58249 |
||
| 999 |
_c70637 _d70637 |
||